| 000 | 00355nam a2200157Ia 4500 | ||
|---|---|---|---|
| 008 | 230711s9999||||xx |||||||||||||| ||und|| | ||
| 041 | _aENG | ||
| 082 |
_a690 _bBA-T |
||
| 100 | _aBagla,Pallava | ||
| 245 | 0 | _aTrees of India | |
| 250 | _a5th Ed. | ||
| 260 |
_c2000 _aNew Delhi _bLocal Colour Ltd |
||
| 300 | _a142 | ||
| 650 | _aArchitecture | ||
| 942 | _cBK | ||
| 999 |
_c4650 _d4650 |
||